Представление документа в формате MARC21

Поле Инд. ПП Название Значение
Тип записи a
Библиографический уровень m
001 Контрольный номер f8ed9fb4-ad4d-4c53-8d20-9c09ad9e0898
005 Дата корректировки 20210714083519.3
008 Кодируемые данные 020220
020 a ISBN 5-7916-0120-4
c Цена, тираж 259.00
040 a Служба первич. каталог. НБ ТвГУ
041 0_ a Код языка текста rus
080 a Индекс УДК 657.6
084 a Индекс другой классификации/Индекс ББК У052.2
a Индекс другой классификации/Индекс ББК У052.9(2РОС)2
090 x Авторский знак М43
a Полочн. индекс У052.2
245 10 a Заглавие Международные и российские стандарты бухгалтерского учета
b Продолж. заглавия Сравнит. анализ, принципы трансформации, направления реформирования
c Ответственность [Авт.: Николаева С. А., Безрученко Г. А., Галдина А. А.] Под ред.С. А. Николаевой
250 a Основные сведения об издании 2-е изд., перераб. и доп.
260 0_ a Место издания Москва
b Издательство ЦБА
c Дата издания 2001
b Издательство Аналитика-Пресс
300 a Объем 671 с.
500 a Примечание Авт. указаны на 3-й с.
504 a Библиография Библиогр.: с.670-671.
583 a Действие Получение впервые 80 19.02.2002
k Исполнитель действия ООО "Книжный мир"
650 04 a Основная рубрика Бухгалтерский учет
x Основная подрубрика Международные стандарты
z Географическая подрубрика Российская Федерация
z Географическая подрубрика Зарубежные страны
653 0_ a Ключевые слова Бухгалтерский учет
a Ключевые слова Международные стандарты учета
a Ключевые слова Бухгалтерский баланс
a Ключевые слова Финансовый учет
a Ключевые слова Отчетность
a Ключевые слова Учет на предприятиях
a Ключевые слова Планы счетов
a Ключевые слова Счета бухгалтерского учета
a Ключевые слова Реформы в России
700 1_ a Другие авторы Николаева Софья Анатольевна
e Роль лиц авт., авт.
700 1_ a Другие авторы Безрученко Г. А.
e Роль лиц авт.
700 1_ a Другие авторы Галдина А. А.
e Роль лиц авт.
852 41 t Порядковый номер экземпляра 10
p Инвентарный номер 743084
p Инвентарный номер 743085
p Инвентарный номер 743086
p Инвентарный номер 743087
p Инвентарный номер 743088
p Инвентарный номер 743089
p Инвентарный номер 743090
p Инвентарный номер 743091
p Инвентарный номер 743092
p Инвентарный номер 743093
888 a За счет средств университета (за наличные)
952 p 80.2002 259.00 1 743084
p 80.2002 259.00 1 743085
p 80.2002 259.00 1 743086
p 80.2002 259.00 1 743087
p 80.2002 259.00 1 743088
p 80.2002 259.00 1 743089
p 80.2002 259.00 1 743090
p 80.2002 259.00 1 743091
p 80.2002 259.00 1 743092
p 80.2002 259.00 1 743093
c Вид литературы К ру
954 a Дата поступления на обработку 20020221
999 a Подразделение 2 Фил1